| 000 | 00408cam a2200157 a 4500 | ||
|---|---|---|---|
| 020 | _a2717808507 : | ||
| 040 | _cDLC | ||
| 082 | 0 | 0 | _a332 ECO 1985 A014 Or. |
| 100 | 1 | _aBadillo, Dominique. | |
| 245 | 1 | 0 | _aMarché, spéculation, stabilisation / |
| 260 |
_aParis : _bEconomica, _cc1985. |
||
| 300 |
_a318 p. : _bill. ; _c24 cm. |
||
| 650 | 0 | _aCommodity control. | |
| 700 | 1 | _aDaloz, Jean-Pierre. | |
| 942 | _cEK | ||
| 999 |
_c13394 _d13394 |
||